|
|
|
|
| LEADER |
00000cam a2200000 7i4500 |
| 001 |
0000005257 |
| 005 |
20220105104010.0 |
| 008 |
070802 |
| 020 |
|
|
|a 9838524123
|
| 090 |
0 |
0 |
|a JP
|b NH ENG (4440)
|
| 100 |
0 |
|
|a Khadijah Hashim
|
| 245 |
1 |
0 |
|a Little white crow
|c Khadijah Hashim
|
| 260 |
|
|
|a Selangor :
|b K Publishing ,
|c 2004
|
| 440 |
|
0 |
|a Fables from the forest
|
| 500 |
|
|
|a Children age 4-6 years old (yellow)
|
| 650 |
|
0 |
|a Junior preschool
|x Natural history
|x English
|x Languages
|
| 710 |
0 |
|
|a Siri
|
| 710 |
0 |
|
|a Title
|
| 999 |
|
|
|a 0000974564
|b Book
|c Children Collection
|e Perbadanan Perpustakaan Awam Johor
|
| 999 |
|
|
|a 0000974565
|b Book
|c Children Collection
|e Cawangan Mersing
|
| 999 |
|
|
|a 0000974566
|b Book
|c Children Collection
|e Perbadanan Perpustakaan Awam Johor
|